000 00335nam a2200133 a 4500
005 20140414093843.0
008 090422s19uu xx uuu eng d
050 _aDVD 791.43
_bLIT 1974
100 _aDonen, Stanley
245 _aThe Little Prince /
_cStanley Donen.
650 _aMotion pictures.
942 _cAVM
999 _c109436
_d109436